Dynamický model duopolu
Problém určenia optimálnej reklamnej stratégie pri zavádzaní nového produktu na trh. Model duopolu, ktorý v sebe zahŕňa Bassov dopytový model, Vidale - Wolfeho a Ozgov reklamný model spolu s kvadratickou mierou výdavkov na reklamu. Použitie algoritmu Tenga a Thompsona, ktorý vychádza z diskrétnej ap...
Salvato in:
| Autore principale: | |
|---|---|
| Natura: | Capitolo di libro |
| Lingua: | slovacco |
| Soggetti: | |
| Tags: |
Nessun Tag, puoi essere il primo ad aggiungerne!!
|
MARC
| LEADER | 00000nla$a2200000$$$4500 | ||
|---|---|---|---|
| 001 | 0060827 | ||
| 005 | 20240502071657.5 | ||
| 041 | 0 | |a slo | |
| 044 | |a SK | ||
| 245 | 1 | 0 | |a Dynamický model duopolu |c Nora Mikušová |
| 520 | |a Problém určenia optimálnej reklamnej stratégie pri zavádzaní nového produktu na trh. Model duopolu, ktorý v sebe zahŕňa Bassov dopytový model, Vidale - Wolfeho a Ozgov reklamný model spolu s kvadratickou mierou výdavkov na reklamu. Použitie algoritmu Tenga a Thompsona, ktorý vychádza z diskrétnej aproximácie maximalizácie Hamiltonovskej funkcie. Metóda môže byť použitá na nájdenie tzv. open - loop Nashovej rovnováhy. | ||
| 610 | 2 | 0 | |a modely ekonometrické |
| 610 | 2 | 0 | |a ekonometria |
| 610 | 2 | 0 | |a modelovanie |
| 610 | 2 | 0 | |a modely dynamické |
| 610 | 2 | 0 | |a reklama |
| 610 | 2 | 0 | |a výdavky |
| 610 | 2 | 0 | |a duopoly |
| 100 | 1 | |a Mikušová, Nora, 1978- | |